| 000 | 00407 a2200145 4500 | ||
|---|---|---|---|
| 001 | 167772 | ||
| 020 | _a | ||
| 040 | _cMagnum | ||
| 100 | _aBarros, Aidil Jesus da Silveira | ||
| 240 | 1 | 0 |
_aFundamentos de metodologia cientifica: um guia para a iniciacao cient. _lpor |
| 245 | 1 | 0 | _aFundamentos de metodologia cientifica: um guia para a iniciacao cient. |
| 362 | 0 | _a1899 | |
| 697 | _aENSINO | ||
| 942 | _cBK | ||
| 999 |
_c167772 _d167772 |
||